000 00333nam a2200133Ia 4500
005 20251222155137.0
008 251222s9999||||xx |||||||||||||| ||spa||
082 _aMEQ.126
100 _aD.C.BAUGHMAN.
245 0 _aManual de Enfermería Médico-Quirúrgica
250 _a1ra. ed.
264 _bMc Graw Hill-Interam.
942 _cLIB
999 _c39039
_d39039